Alle Tempora der deutschen Sprache - Statistiken

Allgemein
  • Dieses Quiz wurde 301 mal gespielt
  • Das Durchschnittsergebnis liegt bei 6 aus 6
Antwortstatistiken
Beispiel Zeitform % Korrekt
Ich gehe Präsens
97%
Ich bin gegangen Perfekt
96%
Ich werde gehen Futur I
95%
Ich werde gegangen sein Futur II
95%
Ich war gegangen Plusquamperfekt
94%
Ich ging Präteritum
92%
Keine übereinstimmenden Quizze gefunden
Verteilung der Resultate
Anzahl Personen mit jedem Resultat
Perzentil nach korrekt beantworteten Fragen
Ihre Resultats-Entwicklung
Sie haben dieses Quiz noch nicht gespielt